000 00336nam a22001217a 4500
999 _c534320
_d534320
040 _cmsohail
082 _a355.825119
100 _aWakeel Anjum - وکیل آنجم
_928464
245 _aAtom Bomb Aman ya Tabai - ایٹم بم آمن یا تباہی -
260 _aLahore
_bJhangir Books
_cN.D.
300 _a632;p
942 _2ddc
_cBK